00931cam a2200229Li 450000500170000000800410001702000190005802000190007702000190009604000500011504100080016510000170017324501060019026000770029630000590037349000400043250400530047265000430052565000490056865000350061765100490065220140903175106.0140515s2008 si abo fr|||| 001 0 eng d a9781876924522  a9789812308153  a9789812308290  aCO-BoUCMbspacJose A. GerenadJose A. Gerena aeng1 aComber, Leon10aMalaya's secret police, 1945-60cLeon Comberbthe role of the Special Branch in the Malayan Emergency aSingapore (Singapore)bInstitute of Southeast Asian Studies, ISEASc2008 axx, 324 páginasbilustraciones, mapas, fotografías1 aMonash papers on southeast Asiav67 aIncluye referencias bibliográficas e índices 7aSeguridad nacionalzMalasiay1945-1960 7aServicio de inteligenciazMalasiay1945-1960 7aTerrorismozMalasiay1945-1960 4aMalasiay1945-1960xServicio de inteligencia